[Event "26th 4NCL Congress"]
[Site "Woodland Grange, Leamington Spa"]
[Date "2021.09.11"]
[Round "2"]
[Board "14"]
[White "Starley, Robert"]
[Black "Varney, Zoe"]
[Result "0-1"]
[WhiteElo "2161"]
[BlackElo "1998"]
[PlyCount "132"]
[EventDate "2021.09.10"]
[EventRounds "5"]
[EventCountry "ENG"]

1. e4 {2} e5 {9} 2. Nf3 {8} Nc6 {7} 3. Bb5 {4} a6 {6} 4. Ba4 {4} Nf6 {5} 5. O-O
{8} Be7 {5} 6. Re1 {9} b5 {5} 7. Bb3 {5} O-O {10} 8. c3 {9} d5 {21} 9. exd5 {8}
Nxd5 {6} 10. Nxe5 {11} Nxe5 {10} 11. Rxe5 {10} c6 {9} 12. d3 {7} Bd6 {9} 13.
Re1 {7} Bf5 {11} 14. Qf3 {11} Re8 {8} 15. Rxe8+ {11} Qxe8 {6} 16. Nd2 {10} Qe1+
{16} 17. Nf1 {8} Bg6 {5} 18. g3 {13} b4 {9} 19. c4 {11} Nf6 {5} 20. Qxc6 {9}
Rd8 {9} 21. Qb6 {14} Rd7 {10} 22. Bc2 {24} Ng4 {22} 23. Rb1 {42} Qe2 {6} 24.
Bd2 {51} Ne5 {28} 25. Qe3 {82} Qh5 {5} 26. Bd1 {104} Qf5 {5} 27. Be2 {312} f6 {
838} 28. Rd1 {389} Bc5 {475} 29. Qf4 {489} Nxd3 {1221} 30. Qxf5 {219} Bxf5 {9}
31. Be3 {178} Bxe3 {219} 32. Nxe3 {42} Nxb2 {30} 33. Rxd7 {269} Bxd7 {7} 34. c5
{37} a5 {1769} 35. Nd5 {459} Kf7 {145} 36. Nb6 {83} Bc6 {148} 37. Nc4 {709}
Nxc4 {108} 38. Bxc4+ {5} Ke7 {547} 39. Kf1 {93} Bf3 {257} 40. Ke1 {571} Kd7 {16
} 41. Bb5+ {47} Ke6 {120} 42. Bd3 {141} Kd5 {210} 43. Bxh7 {41} Kxc5 {5} 44.
Kd2 {57} Bd5 {41} 45. Bb1 {59} Kd4 {8} 46. h4 {543} Be4 {55} 47. Bxe4 {20} Kxe4
{4} 48. Ke2 {5} a4 {11} 49. f3+ {4} Kd4 {25} 50. Kd2 {12} Kc4 {269} 51. Kc2 {67
} b3+ {33} 52. axb3+ {9} axb3+ {6} 53. Kb2 {3} Kd3 {14} 54. g4 {61} Ke3 {19}
55. g5 {7} fxg5 {9} 56. hxg5 {5} Kxf3 {7} 57. g6 {55} Kf4 {4} 58. Kxb3 {6} Kf5
{3} 59. Kc4 {34} Kxg6 {4} 60. Kd4 {29} Kf5 {6} 61. Ke3 {12} Kg4 {7} 62. Kf2 {22
} Kh3 {6} 63. Kg1 {21} g5 {10} 64. Kf2 {14} g4 {10} 65. Kg1 {6} Kg3 {7} 66. Kh1
{11} Kf2 {28}  0-1

[Event "26th 4NCL Congress"]
[Site "Woodland Grange, Leamington Spa"]
[Date "2021.09.11"]
[Round "2"]
[Board "15"]
[White "Dias, Savin"]
[Black "Zhu, Yaoyao"]
[Result "1/2-1/2"]
[WhiteElo "2155"]
[BlackElo "1993"]
[PlyCount "147"]
[EventDate "2021.09.10"]
[EventRounds "5"]
[EventCountry "ENG"]

1. d4 {2} d5 {8} 2. c4 {5} e6 {8} 3. Nc3 {4} Be7 {9} 4. Bf4 {36} Nf6 {144} 5.
h3 {16} c6 {335} 6. e3 {39} O-O {27} 7. Nf3 {96} Nbd7 {570} 8. Bd3 {203} dxc4 {
53} 9. Bxc4 {45} b5 {17} 10. Bd3 {99} Bb7 {155} 11. O-O {354} a6 {133} 12. Ne4
{588} Nxe4 {34} 13. Bxe4 {8} Nf6 {297} 14. Nd2 {98} Qb6 {944} 15. Rc1 {213}
Rac8 {11} 16. Be5 {631} Rfd8 {833} 17. Bxf6 {1365} Bxf6 {18} 18. Nb3 {309} e5 {
699} 19. Qh5 {454} g6 {23} 20. Qf3 {14} Kg7 {69} 21. dxe5 {146} Bxe5 {15} 22.
Rc2 {146} f5 {323} 23. Nc5 {327} fxe4 {243} 24. Ne6+ {57} Kg8 {152} 25. Qxe4 {2
} Bf6 {414} 26. Nxd8 {66} Rxd8 {71} 27. Qe6+ {68} Kg7 {24} 28. Rcc1 {145} Qc7 {
401} 29. b3 {165} Rd6 {97} 30. Qg4 {46} Bc8 {50} 31. Qf3 {12} c5 {14} 32. Rfd1
{66} Bb7 {39} 33. Qg4 {53} h5 {25} 34. Qf4 {111} Rxd1+ {55} 35. Rxd1 {4} Qxf4 {
6} 36. Rd7+ {25} Kh6 {41} 37. exf4 {4} Be4 {65} 38. Rd6 {185} Bd4 {49} 39. Kf1
{54} a5 {47} 40. g4 {64} hxg4 {19} 41. hxg4 {10} Kg7 {16} 42. Ke2 {55} Bb1 {35}
43. a3 {40} Bb2 {63} 44. Rb6 {50} Bxa3 {43} 45. Rxb5 {8} Bb4 {8} 46. Kd1 {48}
Be4 {26} 47. g5 {54} Kf7 {28} 48. Rb6 {31} Ke7 {53} 49. Kc1 {26} Kd7 {9} 50. f3
{19} Bf5 {77} 51. Kd1 {74} Kc7 {18} 52. Rf6 {27} Bc3 {37} 53. Rf7+ {4} Kc6 {22}
54. Rf8 {20} Bd4 {43} 55. Kd2 {18} Be6 {43} 56. Ra8 {38} Kb6 {19} 57. Rb8+ {13}
Kc6 {34} 58. Ra8 {9} Kb6 {46} 59. Rb8+ {4} Ka7 {11} 60. Rb5 {10} Ka6 {17} 61.
Rb8 {4} c4 {73} 62. bxc4 {41} Bxc4 {2} 63. Rc8 {64} Kb5 {56} 64. Rb8+ {32} Bb6
{19} 65. f5 {9} gxf5 {6} 66. g6 {11} a4 {43} 67. g7 {99} a3 {41} 68. Rc8 {101}
Be6 {33} 69. Re8 {16} Bc4 {17} 70. Rc8 {41} Be6 {15} 71. Re8 {12} Bc4 {37} 72.
Rc8 {20} Bd5 73. Kc2 {19} Bd8 74. Rxd8  1/2-1/2

[Event "26th 4NCL Congress"]
[Site "Woodland Grange, Leamington Spa"]
[Date "2021.09.11"]
[Round "2"]
[Board "16"]
[White "Paterson, Andrew I"]
[Black "Faulkner, Martin J"]
[Result "1-0"]
[WhiteElo "2148"]
[BlackElo "1988"]
[PlyCount "87"]
[EventDate "2021.09.10"]
[EventRounds "5"]
[EventCountry "ENG"]

1. g3 {1} d5 {23} 2. Bg2 {7} Nf6 {10} 3. Nf3 {116} Bf5 {127} 4. O-O {8} e6 {24}
5. c4 {39} c6 {31} 6. Nc3 {42} Be7 {142} 7. d4 {86} h6 {85} 8. Re1 {48} Ne4 {
217} 9. Qb3 {485} Qb6 {255} 10. Nd2 {759} Nxc3 {942} 11. bxc3 {57} O-O {434}
12. e4 {107} dxe4 {303} 13. Nxe4 {320} Nd7 {400} 14. c5 {315} Qxb3 {94} 15.
axb3 {7} Bxe4 {121} 16. Bxe4 {404} Nf6 {455} 17. Bg2 {12} Rfd8 {53} 18. b4 {128
} a6 {48} 19. f4 {443} Bf8 {16} 20. h3 {90} g6 {143} 21. g4 {306} Nd5 {406} 22.
Bd2 {22} Bg7 {286} 23. Kh2 {129} Rd7 {104} 24. Re2 {485} Rad8 {83} 25. Rf1 {13}
Nc7 {99} 26. Be1 {35} Nd5 {120} 27. Kh1 {72} Nc7 {283} 28. Be4 {106} Re8 {109}
29. Bb1 {56} Bf6 {112} 30. Rf3 {163} Bg7 {148} 31. Bg3 {206} Nd5 {221} 32. f5 {
391} g5 {125} 33. Kg2 {132} Rde7 {71} 34. Bd6 {93} exf5 {223} 35. Rxe7 {120}
Rxe7 {54} 36. Bxe7 {40} fxg4 {77} 37. hxg4 {103} Nxe7 {8} 38. Ba2 {22} Nd5 {50}
39. Bxd5 {7} cxd5 {4} 40. Rf5 {7} Kf8 {18} 41. Rxd5 {57} Ke7 {3} 42. Kf3 {54}
Ke6 {44} 43. Rd6+ {16} Ke7 {5} 44. Rb6 {20}  1-0

[Event "26th 4NCL Congress"]
[Site "Woodland Grange, Leamington Spa"]
[Date "2021.09.11"]
[Round "2"]
[Board "17"]
[White "James, Russell A"]
[Black "Hymer, Barry J"]
[Result "1-0"]
[WhiteElo "2134"]
[BlackElo "1983"]
[PlyCount "91"]
[EventDate "2021.09.10"]
[EventRounds "5"]
[EventCountry "ENG"]

1. e4 {125} d6 {22} 2. d4 {25} Nf6 {7} 3. Nc3 {45} Nbd7 {9} 4. Nf3 {38} e5 {7}
5. Bc4 {63} Be7 {23} 6. dxe5 {79} Nxe5 {161} 7. Nxe5 {233} dxe5 {7} 8. Qxd8+ {
20} Bxd8 {8} 9. f4 {462} exf4 {368} 10. Bxf4 {349} O-O {53} 11. O-O-O {146} Re8
{310} 12. e5 {576} Nh5 {426} 13. Be3 {847} g6 {871} 14. Rhf1 {322} Be6 {15} 15.
Bxe6 {239} Rxe6 {35} 16. g4 {1005} Ng7 {32} 17. Rd7 {97} Rxe5 {963} 18. Rfxf7 {
677} Ne6 {97} 19. Bh6 {80} Re1+ {159} 20. Kd2 {44} Rh1 {16} 21. Rf2 {218} Bg5+
{185} 22. Bxg5 {34} Nxg5 {6} 23. Re2 {163} Nf3+ {111} 24. Kd3 {145} Rxh2 {98}
25. Nd5 {68} Rxe2 {154} 26. Nf6+ {17} Kf8 {7} 27. Nxh7+ {10} Kg8 {110} 28. Nf6+
{6} Kf8 {3} 29. Kxe2 {39} Ne5 {44} 30. Nh7+ {20} Kg8 {21} 31. Nf6+ {5} Kf8 {4}
32. Rxc7 {37} b6 {37} 33. Ke3 {60} b5 {186} 34. Nd7+ {75} Nxd7 {10} 35. Rxd7 {4
} Re8+ {71} 36. Kd3 {12} Re1 {72} 37. Rxa7 {45} Rg1 {6} 38. Rb7 {24} Rg3+ {24}
39. Ke2 {43} Rxg4 {75} 40. Rxb5 {13} Kf7 {61} 41. Kf3 {18} Rc4 {20} 42. c3 {19}
Kf6 {12} 43. Rb4 {59} Rc8 {16} 44. a4 {18} g5 {20} 45. a5 {25} Rc5 {31} 46. Ra4
{31}  1-0

[Event "26th 4NCL Congress"]
[Site "Woodland Grange, Leamington Spa"]
[Date "2021.09.11"]
[Round "2"]
[Board "18"]
[White "Bansal, Rohan"]
[Black "Khoury, Theo"]
[Result "1-0"]
[WhiteElo "2108"]
[BlackElo "1947"]
[PlyCount "91"]
[EventDate "2021.09.10"]
[EventRounds "5"]
[EventCountry "ENG"]

1. c4 {2} Nf6 {20} 2. Nc3 {58} c5 {31} 3. g3 {7} g6 {57} 4. Bg2 {20} Bg7 {65}
5. Nf3 {7} O-O {41} 6. O-O {5} Nc6 {102} 7. d4 {8} cxd4 {426} 8. Nxd4 {45} a6 {
76} 9. h3 {308} Qc7 {333} 10. Be3 {3036} d6 {411} 11. Rc1 {150} Nxd4 {152} 12.
Bxd4 {488} Be6 {268} 13. b3 {485} Rac8 {144} 14. Qd2 {9} Rfd8 {155} 15. Qb2 {53
} Nh5 {188} 16. Bxg7 {307} Nxg7 {2} 17. Rfd1 {27} Qd7 {311} 18. Na4 {32} Rb8 {
183} 19. Nc5 {313} Qc7 {78} 20. Nxe6 {9} Nxe6 {8} 21. b4 {34} a5 {141} 22. a3 {
64} Qb6 {295} 23. Qc3 {50} axb4 {191} 24. axb4 {6} Ra8 {72} 25. Rb1 {156} Rdc8
{202} 26. h4 {94} h5 {144} 27. Bh3 {12} f5 {154} 28. Qb3 {212} Kh7 {219} 29. e4
{99} Nd4 {94} 30. Qe3 {17} e5 {167} 31. exf5 {3} Rxc4 {90} 32. fxg6+ {24} Kg7 {
11} 33. Bg2 {108} Rxb4 {184} 34. Rxb4 {9} Qxb4 {12} 35. Qg5 {52} Re8 {195} 36.
Qxh5 {19} Qb3 {134} 37. Qh7+ {105} Kf6 {20} 38. Rf1 {24} Qg8 {57} 39. Qxb7 {28}
Qxg6 {24} 40. Qd7 {23} Nf5 {109} 41. Rd1 {78} Re7 {70} 42. Rxd6+ {32} Nxd6 {21}
43. Qxd6+ {14} Re6 {28} 44. Qf8+ {5} Qf7 {13} 45. Qxf7+ {6} Kxf7 {5} 46. Bd5 {7
}  1-0

[Event "26th 4NCL Congress"]
[Site "Woodland Grange, Leamington Spa"]
[Date "2021.09.11"]
[Round "2"]
[Board "19"]
[White "Weersing, Abigail R"]
[Black "Gardiner, Eric D"]
[Result "1-0"]
[WhiteElo "1945"]
[BlackElo "2103"]
[PlyCount "102"]
[EventDate "2021.09.10"]
[EventRounds "5"]
[EventCountry "ENG"]

1. d4 {2} d5 {11} 2. c4 {4} dxc4 {9} 3. e3 {8} Nf6 {13} 4. Bxc4 {16} e6 {21} 5.
Nf3 {12} a6 {13} 6. Nc3 {84} b5 {17} 7. Bd3 {26} Bb7 {160} 8. O-O {42} c5 {60}
9. Qe2 {209} Nbd7 {343} 10. Rd1 {175} Qb6 {317} 11. Bc2 {393} Be7 {579} 12. e4
{421} cxd4 {259} 13. Nxd4 {108} Ne5 {802} 14. Bg5 {945} O-O {369} 15. Nf3 {487}
Nxf3+ {172} 16. Qxf3 {26} Rac8 {727} 17. Qh3 {1134} h6 {683} 18. e5 {374} Ne4 {
789} 19. Be3 {166} Ng5 {121} 20. Bxb6 {135} Nxh3+ {6} 21. gxh3 {9} b4 {26} 22.
Rd7 {480} bxc3 {35} 23. bxc3 {89} Rxc3 {8} 24. Rxb7 {28} Rxc2 {67} 25. Rxe7 {6}
Rb8 {20} 26. Be3 {206} Rbb2 {17} 27. a3 {96} Rb5 {126} 28. Re8+ {64} Kh7 {6}
29. Ra8 {164} a5 {24} 30. Bd4 {188} Rd5 {192} 31. Bb6 {52} Rxe5 {18} 32. Rxa5 {
56} Ree2 {21} 33. Rb5 {51} Ra2 {169} 34. Rxa2 {6} Rxa2 {4} 35. Bc5 {15} Kg6 {83
} 36. Rb4 {20} f5 {27} 37. a4 {30} e5 {8} 38. Kf1 {69} f4 {12} 39. Ke1 {162}
Kf5 {17} 40. Bf8 {21} Ra1+ {91} 41. Ke2 {11} Ra2+ {8} 42. Ke1 {70} Ra1+ {6} 43.
Ke2 {26} Ra2+ {5} 44. Kf3 {29} Kf6 {34} 45. Bc5 {27} Kf5 {17} 46. Re4 {39} Rc2
{53} 47. Bb4 {15} Rb2 {19} 48. Bc3 {47} Rb3 {53} 49. Rxe5+ {6} Kg6 {7} 50. Rc5
{8} Kf7 {11} 51. Kxf4 {22} Ke8 {25}  1-0

[Event "26th 4NCL Congress"]
[Site "Woodland Grange, Leamington Spa"]
[Date "2021.09.11"]
[Round "2"]
[Board "20"]
[White "Zheng, Harry Z"]
[Black "Brixel, Christof"]
[Result "0-1"]
[WhiteElo "1915"]
[BlackElo "2088"]
[PlyCount "148"]
[EventDate "2021.09.10"]
[EventRounds "5"]
[EventCountry "ENG"]

1. e4 {3} e5 {13} 2. Nf3 {8} Nf6 {8} 3. Nxe5 {25} d6 {11} 4. Nf3 {7} Nxe4 {7}
5. Nc3 {14} Nxc3 {20} 6. dxc3 {16} Be7 {12} 7. Be3 {31} O-O {289} 8. Qd2 {85}
Bg4 {228} 9. O-O-O {122} Nd7 {92} 10. h3 {299} Bxf3 {576} 11. gxf3 {24} Ne5 {96
} 12. f4 {312} Nf3 {93} 13. Qe2 {127} Nh4 {25} 14. Rg1 {544} g6 {396} 15. Qg4 {
145} Qc8 {436} 16. Bd3 {215} Qe6 {261} 17. b3 {335} Qxg4 {142} 18. hxg4 {50} h6
{1182} 19. g5 {371} hxg5 {342} 20. fxg5 {20} Nf3 {331} 21. Rg3 {65} Ne5 {8} 22.
Rh1 {152} Kg7 {115} 23. Be4 {325} c6 {534} 24. f4 {102} d5 {70} 25. Bxd5 {472}
cxd5 {2} 26. fxe5 {48} b6 {66} 27. Rgh3 {166} Rh8 {7} 28. Kb2 {128} Rxh3 {123}
29. Rxh3 {10} Re8 {61} 30. Bf4 {191} b5 {199} 31. Rd3 {45} Rd8 {4} 32. Kc1 {284
} Kf8 {63} 33. Kd2 {71} Ke8 {88} 34. Ke2 {57} a6 {105} 35. Kf3 {27} Rd7 {143}
36. Kg4 {86} Bc5 {23} 37. Rh3 {237} Ke7 {56} 38. Rh8 {77} Rd8 {16} 39. Rh1 {137
} Ke6 {19} 40. b4 {92} Be7 {60} 41. Rb1 {122} Rc8 {13} 42. Rb3 {19} Rc6 {84}
43. a4 {148} bxa4 {8} 44. Ra3 {7} Bd8 {24} 45. Rxa4 {40} Bc7 {16} 46. Ra1 {21}
Bb8 {72} 47. Bg3 {103} Rc4+ {166} 48. Kh3 {169} Rc6 {10} 49. Kg4 {280} Rc4+ {28
} 50. Kh3 {24} Kf5 {118} 51. Ra5 {300} Ke4 {28} 52. Rc5 {48} Bxe5 {20} 53. Bxe5
{67} Kxe5 {3} 54. Kg3 {17} Rxc5 {29} 55. bxc5 {5} a5 {2} 56. c6 {36} Kd6 {1}
57. Kf4 {1} a4 {12} 58. c7 {3} Kxc7 {8} 59. Ke5 {1} a3 {9} 60. Kf6 {1} a2 {7}
61. Kxf7 {3} a1=Q {5} 62. Kxg6 {10} Qxc3 {5} 63. Kf7 {4} Qxc2 {5} 64. g6 {1}
Qf5+ {7} 65. Kg7 {4} Qxg6+ {33} 66. Kxg6 {3} d4 {5} 67. Kg5 {2} d3 {4} 68. Kg6
{2} d2 {3} 69. Kg7 {1} d1=Q {6} 70. Kh8 {2} Qg4 {7} 71. Kh7 {2} Kd7 {25} 72.
Kh6 {2} Ke7 {4} 73. Kh7 {2} Kf7 {3} 74. Kh8 {1} Qh5# {8}  0-1

[Event "26th 4NCL Congress"]
[Site "Woodland Grange, Leamington Spa"]
[Date "2021.09.11"]
[Round "2"]
[Board "21"]
[White "Leslie, Alex"]
[Black "Saunders, Aron"]
[Result "1/2-1/2"]
[WhiteElo "2088"]
[BlackElo "1908"]
[PlyCount "102"]
[EventDate "2021.09.10"]
[EventRounds "5"]
[EventCountry "ENG"]

1. d4 {2} d5 {5} 2. c4 {10} c6 {5} 3. Nc3 {5} Nf6 {4} 4. e3 {6} e6 {10} 5. Nf3
{6} Nbd7 {10} 6. Qc2 {18} Bd6 {28} 7. b3 {7} O-O {52} 8. Be2 {6} b6 {121} 9.
O-O {16} Bb7 {77} 10. Bb2 {24} Re8 {67} 11. Rac1 {122} Rc8 {100} 12. Rfd1 {30}
e5 {274} 13. dxe5 {200} Nxe5 {34} 14. cxd5 {333} cxd5 {208} 15. Nxe5 {498} Bxe5
{73} 16. Qd2 {327} g5 {1185} 17. Na4 {1355} Ne4 {292} 18. Rxc8 {205} Qxc8 {165}
19. Qd3 {196} Qf5 {494} 20. Bf3 {841} Bxb2 {544} 21. Nxb2 {28} Qe5 {87} 22.
Bxe4 {429} dxe4 {142} 23. Qd7 {213} Re7 {135} 24. Qd8+ {11} Re8 {200} 25. Nc4 {
67} Qe7 {86} 26. Qd4 {180} Qe6 {344} 27. h3 {69} Ba6 {128} 28. Nd6 {325} Rd8 {
107} 29. Qb4 {6} Qe7 {112} 30. Rd4 {41} Bd3 {194} 31. Nf5 {373} Qxb4 {50} 32.
Rxd8+ {6} Qf8 {3} 33. Ne7+ {10} Kg7 {13} 34. Nf5+ {18} Kg8 {6} 35. Ne7+ {3} Kg7
{4} 36. Rxf8 {6} Kxf8 {4} 37. Nc8 {7} Ke8 {55} 38. f3 {141} Kd7 {191} 39. Nxa7
{7} Kc7 {70} 40. a4 {15} Kd6 {40} 41. Kf2 {112} Kc5 {66} 42. Kg3 {123} Bc2 {178
} 43. fxe4 {40} Bxb3 {20} 44. Kg4 {54} Bxa4 {53} 45. Kxg5 {8} b5 {66} 46. Nxb5
{17} Bxb5 {5} 47. Kf6 {60} Bc4 {13} 48. g4 {24} Be6 {110} 49. g5 {32} Bxh3 {118
} 50. Kxf7 {8} Kd6 {64} 51. Kg7 {16} Ke5 {55}  1/2-1/2

[Event "26th 4NCL Congress"]
[Site "Woodland Grange, Leamington Spa"]
[Date "2021.09.11"]
[Round "2"]
[Board "22"]
[White "Rathbone-Jones, Ifan"]
[Black "Pal, Rohan"]
[Result "1/2-1/2"]
[WhiteElo "2085"]
[BlackElo "1803"]
[PlyCount "50"]
[EventDate "2021.09.10"]
[EventRounds "5"]
[EventCountry "ENG"]

1. d4 Nf6 2. Nf3 b6 3. Bf4 Bb7 4. Nbd2 g6 5. c4 Bg7 6. Qc2 d6 7. e4 Nh5 8. Be3
e5 9. d5 O-O 10. Bd3 h6 11. g4 Nf4 12. Bxf4 exf4 13. h4 Nd7 14. h5 g5 15. O-O-O
Ne5 16. Be2 Bc8 17. Rdg1 a5 18. Nxe5 Bxe5 19. Nf3 Bf6 20. Ne1 Bd7 21. Rh3 Qe7
22. a4 Qe8 23. Ra3 Qe7 24. Qd3 Rfe8 25. Nc2 Ra7  1/2-1/2

[Event "26th 4NCL Congress"]
[Site "Woodland Grange, Leamington Spa"]
[Date "2021.09.11"]
[Round "2"]
[Board "23"]
[White "Southcott-Moyers, Indy"]
[Black "Burrows, Nick"]
[Result "1-0"]
[WhiteElo "1668"]
[BlackElo "2066"]
[PlyCount "123"]
[EventDate "2021.09.10"]
[EventRounds "5"]
[EventCountry "ENG"]

1. d4 e6 2. Nf3 f5 3. Bf4 Nf6 4. h3 b6 5. e3 Bb7 6. Be2 Be7 7. O-O O-O 8. c4 d6
9. Nc3 Ne4 10. Qc2 Nd7 11. Bh2 Ndf6 12. b4 Nxc3 13. Qxc3 Ne4 14. Qc2 Bf6 15.
Rab1 Qe7 16. Rfc1 c5 17. bxc5 dxc5 18. Rd1 Rfd8 19. Rbc1 Rac8 20. Bf1 Kh8 21.
Ne5 Bh4 22. f3 Bf2+ 23. Kh1 Ng3+ 24. Bxg3 Bxg3 25. Qc3 Bxe5 26. dxe5 Rd7 27.
Rxd7 Qxd7 28. Be2 Rd8 29. Rd1 Qc7 30. Rxd8+ Qxd8 31. Qd3 Qxd3 32. Bxd3 g5 33.
Kg1 Bc6 34. Kf2 a6 35. a3 b5 36. cxb5 axb5 37. Ke2 Kg7 38. g3 h6 39. f4 Kf7 40.
Kd2 Ke7 41. Kc3 Kd8 42. Be2 Kc7 43. fxg5 hxg5 44. h4 gxh4 45. gxh4 Be8 46. h5
Kb6 47. h6 Bg6 48. Bh5 Bh7 49. Bf7 Kc7 50. Bxe6 Kc6 51. Bf7 Kd7 52. Bd5 Kc7 53.
Kb3 Kb6 54. a4 c4+ 55. Bxc4 bxa4+ 56. Kxa4 Kc5 57. Kb3 Kc6 58. Kc3 Kd7 59. e6+
Ke7 60. Kd4 Kf6 61. e7 Kxe7 62. Ke5  1-0

[Event "26th 4NCL Congress"]
[Site "Woodland Grange, Leamington Spa"]
[Date "2021.09.11"]
[Round "2"]
[Board "24"]
[White "Thomson, Neil"]
[Black "Phillips, Max P"]
[Result "1-0"]
[WhiteElo "2051"]
[BlackElo "1638"]
[PlyCount "97"]
[EventDate "2021.09.10"]
[EventRounds "5"]
[EventCountry "ENG"]

1. e4 c5 2. Nf3 d6 3. d4 cxd4 4. Nxd4 Nf6 5. Nc3 g6 6. Be2 Bg7 7. g4 O-O 8. g5
Nfd7 9. Be3 Nc6 10. Qd2 Nb6 11. f4 d5 12. e5 Nxd4 13. Qxd4 Bf5 14. O-O-O e6 15.
Bd3 Bxd3 16. cxd3 Nc8 17. Qb4 a6 18. Qxb7 Ne7 19. Bb6 Qb8 20. Qxb8 Raxb8 21.
Bc5 Rb7 22. Bxe7 Rxe7 23. Rd2 Rc8 24. Kb1 Rb7 25. Rc1 Bf8 26. Rdc2 Rcb8 27. Nd1
Rb4 28. Rc8 Rxc8 29. Rxc8 a5 30. Ra8 Rxf4 31. Rxa5 Kg7 32. a3 h6 33. b4 Bxb4
34. gxh6+ Kxh6 35. axb4 Rxb4+ 36. Kc1 Rd4 37. Nf2 Kg5 38. Ra7 f6 39. exf6 Kxf6
40. Kd2 Kg5 41. Ke3 Rh4 42. h3 e5 43. Rd7 d4+ 44. Kf3 Rf4+ 45. Kg3 Rf8 46. Ne4+
Kf5 47. Rd6 Rf7 48. Kf3 Rf8 49. h4  1-0

[Event "26th 4NCL Congress"]
[Site "Woodland Grange, Leamington Spa"]
[Date "2021.09.11"]
[Round "2"]
[Board "25"]
[White "Han, Yichen"]
[Black "Sheikh, Anum"]
[Result "1-0"]
[WhiteElo "2402"]
[BlackElo "1990"]
[PlyCount "59"]
[EventDate "2021.09.10"]
[EventRounds "5"]
[EventCountry "ENG"]

1. e4 Nf6 2. e5 Nd5 3. Nc3 Nxc3 4. dxc3 d5 5. Bd3 c5 6. Nf3 Bg4 7. h3 Bxf3 8.
Qxf3 e6 9. O-O Nc6 10. Qg3 c4 11. Be2 Qc7 12. Bf4 a6 13. b3 b5 14. a4 Rb8 15.
axb5 axb5 16. Bf3 Ne7 17. Qh2 h6 18. Ra6 g5 19. Bg3 Nf5 20. Bh5 Ke7 21. f4 cxb3
22. cxb3 Bg7 23. Bf2 Rb7 24. b4 Rc8 25. Bc5+ Kd8 26. g4 Nh4 27. Rd6+ Ke8 28.
Rxe6+ Kd8 29. Rd6+ Ke8 30. e6  1-0

[Event "26th 4NCL Congress"]
[Site "Woodland Grange, Leamington Spa"]
[Date "2021.09.11"]
[Round "2"]
[Board "26"]
[White "Holt, Philip J"]
[Black "James, Chris"]
[Result "0-1"]
[WhiteElo "2207"]
[BlackElo "1990"]
[PlyCount "89"]
[EventDate "2021.09.10"]
[EventRounds "5"]
[EventCountry "ENG"]

1. Nf3 g6 2. g3 Bg7 3. Bg2 d6 4. O-O f5 5. d4 Nf6 6. c4 O-O 7. Nc3 Nc6 8. d5
Ne5 9. Nd2 a6 10. Qc2 Rb8 11. a4 e6 12. h3 c6 13. a5 b5 14. axb6 Nxc4 15. dxc6
Nxb6 16. Na4 Qc7 17. Nxb6 Rxb6 18. Nb3 d5 19. Na5 Ne4 20. Ra2 Bd7 21. Bf4 e5
22. Be3 Rb5 23. Bxe4 fxe4 24. Bc5 Rd8 25. Rfa1 Bxh3 26. Nb7 Bf8 27. Bxf8 Rxf8
28. Rxa6 Qf7 29. Kh2 Bc8 30. Rf1 Bxb7 31. cxb7 Qxb7 32. Rc6 Rxb2 33. Qc5 Rb5
34. Qd6 d4 35. Kg2 e3 36. f3 Rf7 37. Rfc1 Qe7 38. Rc8+ Kg7 39. Qc6 Rb2 40. Qa6
e4 41. Rf1 d3 42. Qa1 Qf6 43. fxe4 Qxf1+ 44. Qxf1 Rxf1 45. Kxf1  0-1

[Event "26th 4NCL Congress"]
[Site "Woodland Grange, Leamington Spa"]
[Date "2021.09.11"]
[Round "2"]
[Board "27"]
[White "Shearsby, Jude"]
[Black "Pollack, Oscar"]
[Result "0-1"]
[WhiteElo "1988"]
[BlackElo "2145"]
[PlyCount "71"]
[EventDate "2021.09.10"]
[EventRounds "5"]
[EventCountry "ENG"]

1. e4 e6 2. d4 d5 3. Nc3 Bb4 4. e5 c5 5. a3 Bxc3+ 6. bxc3 Ne7 7. Nf3 b6 8. Bf4
Ba6 9. Be2 Qc8 10. O-O Nbc6 11. a4 Bxe2 12. Qxe2 O-O 13. Qd3 c4 14. Qd2 Ng6 15.
Bg3 Qd7 16. Nh4 Nce7 17. f4 Nxh4 18. Bxh4 Nf5 19. Be1 h5 20. Qe2 g6 21. Rf3
Rfb8 22. Rh3 b5 23. g4 hxg4 24. Qxg4 Qe7 25. axb5 Rxb5 26. Bh4 Nxh4 27. Rxh4
Qf8 28. Qd1 a5 29. Rg4 a4 30. h4 Qh6 31. Ra3 Qh5 32. Qe2 Rb1+ 33. Kh2 Rb2 34.
Kh3 Qf5 35. Kg3 Rxc2 36. Qf3  0-1

[Event "26th 4NCL Congress"]
[Site "Woodland Grange, Leamington Spa"]
[Date "2021.09.11"]
[Round "2"]
[Board "28"]
[White "Ireland, David J"]
[Black "Gibbs, Dominic V"]
[Result "1-0"]
[WhiteElo "2080"]
[BlackElo "1967"]
[PlyCount "37"]
[EventDate "2021.09.10"]
[EventRounds "5"]
[EventCountry "ENG"]

1. e4 Nf6 2. e5 Nd5 3. Nc3 Nxc3 4. bxc3 d6 5. exd6 exd6 6. d4 Qe7+ 7. Be3 Bf5
8. Nf3 Nc6 9. Bb5 a6 10. Ba4 b5 11. Bb3 Bd7 12. Ng5 g6 13. Qf3 O-O-O 14. a4 d5
15. axb5 axb5 16. O-O Bf5 17. Qe2 Nb8 18. Ra5 c6 19. Rfa1  1-0

[Event "26th 4NCL Congress"]
[Site "Woodland Grange, Leamington Spa"]
[Date "2021.09.11"]
[Round "2"]
[Board "29"]
[White "Nandi, Robin J"]
[Black "Stubbs, Oliver"]
[Result "0-1"]
[WhiteElo "1937"]
[BlackElo "2073"]
[PlyCount "61"]
[EventDate "2021.09.10"]
[EventRounds "5"]
[EventCountry "ENG"]

1. e4 e6 2. d4 d5 3. Nc3 Nf6 4. e5 Nfd7 5. f4 c5 6. Nf3 Nc6 7. Be3 Be7 8. Qd2
O-O 9. Be2 b6 10. O-O-O c4 11. f5 b5 12. f6 gxf6 13. exf6 Bxf6 14. Nxb5 Rb8 15.
Nc3 Qb6 16. b3 Nb4 17. Ne5 Nxa2+ 18. Nxa2 cxb3 19. Nc3 bxc2 20. Qxc2 Nxe5 21.
Na4 Qb3 22. Bh6 Qxc2+ 23. Kxc2 Bg7 24. Bxg7 Kxg7 25. Rhf1 Bb7 26. Bb5 Rfc8+ 27.
Kd2 Bc6 28. Bxc6 Rxc6 29. Rb1 Rxb1 30. Rxb1 Rc4 31. Nc5  0-1

[Event "26th 4NCL Congress"]
[Site "Woodland Grange, Leamington Spa"]
[Date "2021.09.11"]
[Round "2"]
[Board "30"]
[White "Moyse, Nigel J"]
[Black "Sandhu, Manvith"]
[Result "1-0"]
[WhiteElo "2067"]
[BlackElo "1928"]
[PlyCount "73"]
[EventDate "2021.09.10"]
[EventRounds "5"]
[EventCountry "ENG"]

1. d4 d5 2. c4 c6 3. cxd5 cxd5 4. Nc3 Nf6 5. Bf4 Nc6 6. e3 e6 7. Nf3 Bd6 8. Bg3
O-O 9. Bd3 Re8 10. Ne5 Qc7 11. f4 Qb6 12. O-O a6 13. Bh4 Be7 14. Bxf6 Bxf6 15.
Bxh7+ Kf8 16. Qh5 Qc7 17. Bd3 Nd8 18. Ng4 Ke7 19. f5 Rf8 20. fxe6 fxe6 21. Rf2
Qd6 22. Raf1 Bd7 23. Bg6 Nc6 24. Nxf6 gxf6 25. Rxf6 Rxf6 26. Qh7+ Kd8 27. Rxf6
Kc7 28. Qh6 Qb4 29. Qf4+ Kb6 30. a3 Qb3 31. Qf2 Na5 32. e4 Ka7 33. exd5 exd5
34. h4 Nc4 35. Nxd5 Qd1+ 36. Kh2 Bc6 37. Rxc6  1-0